Регионална библиотека "Любен Каравелов" - Русе

Съкровището на Цезар (Запис номер 543189)

MARC детайли
000 -Лидер
Лидер 00774nam a2200241 a 4500
003 - Код на организацията, давaща контролен номер
Код на организацията, даваща контролен номер BLK
005 - Дата и час на последна редакция
Дата и час на последна редакция 20250726100700.0
007 - Фиксирано поле за физическо описани
Физическо описание ta
008 - Елементи от данни с фиксирана дължина
Елементи с фиксирана дължина 221104b bu |||||r|||| 00| | bu d
020 ## - Международен стандартен номер на книга ISBN
ISBN 9789542734949
040 ## - Източник на каталожния запис
Код на библиотеката BLK
041 ## - Код за език
Език Български
Език за КДБФ Български
080 ## - УДК
9 (RLIN) 227592
УДК текст Българска литература
УДК код 821.163.2
УДК – определител -31
УДК – код + определител 821.163.2-31
084 ## - Класификационен индекс по друга класификация
Авторски знак Лап - Л 24
100 ## - Редна дума - Автор
R(LIN) 394784
Автор Лаптева, Гергана Гришева
245 ## - Сведения за заглавието
Заглавие Съкровището на Цезар
Авторска отговорност Гергана Лаптева
260 ## - Област на издателските данни
9 (RLIN) 209434
Място на издаване София
Име на издателя Егмонт България
Година на издаване 2025
300 ## - Физическа характеристика
Брой страници 640 с.
Размер 22 см
380 ## - Жанр
Жанр Худож. лит.
856 ## - Електронен адрес и достъп
Инструкция (цена за достъп) 0.00
Права за достъп disable
942 ## - АРТИКУЛИ
Вид на библиотечния документ Книги
Скрит в OPAC Не
Koha issues (borrowed), all copies 9
944 ## - СЪЗДАВАНЕ И РЕДАКЦИЯ на ЗАПИСА
Дата на регистрацията/редакция Нора Радева
Служител, извършил регистрацията/редакцията 30575
Създаване/Редакция
Номер на служител Мартин Енчев
999 ## - СИСТЕМНИ КОНТРОЛНИ НОМЕРА
Koha biblionumber 543189
Koha biblioitemnumber 543189
Наличности
Код за отписване Код за изгубен артикул Източник на класификационната схема Код за повреда Код за отдаване Артикулен № Име на библиотеката - собственик Име на библиотеката, в която се намира в момента Статус (Текущо местоположение) Дата на вписване в системата Местоположение - отдел Цена в лева Инвентарен номер Систематично азбучна сигнатура Баркод Цена в евро Служебен тип на артикула
  Не е изгубен Universal Decimal Classification Не е повреден заемане за дома 979308 Регионална библиотека "Любен Каравелов" Русе Регионална библиотека "Любен Каравелов" Русе Заемна - подръчен фонд 2025-07-07 Заемна - подръчен фонд 17.43 120000920921 821.163.2-31/Л 24 Г 120000920921 8.91 Книги
  Не е изгубен Universal Decimal Classification Не е повреден заемане за дома 979309 Регионална библиотека "Любен Каравелов" Русе Регионална библиотека "Любен Каравелов" Русе Заемна - подръчен фонд 2025-07-07 Заемна - подръчен фонд 17.43 120000920920 821.163.2-31/Л 24 Г 120000920920 8.91 Книги
Vip Innovations Ltd, Rousse, Bulgaria 2025